Význam a stratégia európskeho jednotného trhu bakalárska práca

Salvato in:
Dettagli Bibliografici
Autore principale: Putyera, Patrik
Ente Autore: Obchodná fakulta EU. Katedra služieb a cestovného ruchu - zrušené
Altri autori: Benešová, Dana, 1958-
Natura: Libro
Lingua:slovacco
Pubblicazione: Bratislava 2022
Tags: Aggiungi Tag
Nessun Tag, puoi essere il primo ad aggiungerne!!

MARC

LEADER 00000nbm a2200000 4500
001 0285821
005 20221205132411.7
041 0 |a slo 
044 |a SK 
245 1 0 |a Význam a stratégia európskeho jednotného trhu  |b bakalárska práca  |c Patrik Putyera ; školiteľ: Dana Benešová 
264 1 |a Bratislava  |c 2022 
300 |a 45 s. 
100 1 |a Putyera, Patrik 
700 1 |a Benešová, Dana, 1958- 
710 2 |a Obchodná fakulta EU. Katedra služieb a cestovného ruchu - zrušené